La conversación en pequeños grupos en el aula

Uloženo v:
Podrobná bibliografie
Hlavní autoři: Sánchez-Cano, Manuel (Autor), Cabra Vilalta, M. Carme (Autor), Comallonga Picañol, Lourdes (Autor), Escudé Ribó, Neus (Autor), Font Posa, Elisabet (Autor), Forés Bachero, Nati (Autor), Fuster Muñoz, Marisa (Autor), Giné Sabata, Mariona (Autor), Grau Garriga, Rosa (Autor), Mas Lozano, Teresa (Autor), Ribó Capellá, Elisenda (Autor)
Médium: Kniha
Jazyk:španělština
Vydáno: Barcelona Graó 2009
Vydání:1a. ed
Edice:Didáctica de la lengua y la Literatura, 261
Témata:
Tagy: Přidat tag
Žádné tagy, Buďte první, kdo vytvoří štítek k tomuto záznamu!

MARC

LEADER 00000nam a2200000 a 4500
001 UCG1243
003 CL-VaPUC
008 100429e20090000SP |||||||||||||||||spa|d
020 |a 9788478277094 
082 0 4 |a 808.56  |b SAN  |2 21 
100 0 |a Sánchez-Cano, Manuel  |e author  |9 549069 
700 0 |a Cabra Vilalta, M. Carme  |e author  |9 549070 
700 0 |a Comallonga Picañol, Lourdes  |e author  |9 549071 
700 0 |a Escudé Ribó, Neus  |e author  |9 549072 
700 0 |a Font Posa, Elisabet  |e author  |9 549073 
700 0 |a Forés Bachero, Nati  |e author  |9 549074 
700 0 |a Fuster Muñoz, Marisa  |e author  |9 549075 
700 0 |a Giné Sabata, Mariona  |e author  |9 549076 
700 0 |a Grau Garriga, Rosa  |e author  |9 549077 
700 0 |a Mas Lozano, Teresa  |e author  |9 549078 
700 0 |a Ribó Capellá, Elisenda  |e author  |9 549079 
245 1 3 |a La conversación en pequeños grupos en el aula 
250 |a 1a. ed 
300 |a 123 p 
942 |c BK 
945 |d 20100429 00:00:00  |a rbrito 
260 |a Barcelona  |b Graó  |c 2009 
650 0 |a Conversación   |9 341332 
650 0 |a Comunicación   |9 257251 
650 0 |a Lenguaje   |9 265069 
650 0 |a Retórica   |9 266620 
583 |a last modification  |c 20100429 00:00:00  |k Rodrigo Vera 
490 0 |a Didáctica de la lengua y la Literatura, 261 
999 |c 340651  |d 340649 
952 |0 0  |1 0  |4 0  |6 808_560000000000000_SAN_2009  |7 0  |8 A  |9 435560  |a BIBEDU  |b BIBEDU  |d 2019-11-22  |i 4666283  |l 3  |m 4  |o 808.56 SAN 2009  |p 4666283  |r 2023-11-07  |s 2023-10-20  |w 2019-11-22  |y BK  |k PSI